00503nam a2200181 a 4500001001300000003000900013005001700022008004100039020000900080082001500089100002600104245007400130260003800204300000900242500003500251505001000286650002500296nice12345678IN_TiNIC20260116012139.0050524s1980 dela grp 000 0 eng  ac7500a021.3bSRI aSrivastava, Shyamnath aUniversity Libraries in Indiab Their Organisation and Administration aDelhibSterling Publishers c1980 a351p aincludes index and biblioraphy2 aIndex aUniversity-Libraries